000 00535cas a22001694i 4500
999 _c50784
_d50784
001 768714001
003 CO-MdFUSB
005 20180409162218.0
008 180409s2004 cr ||||| |||| 00| 0 spa d
040 _aCO-MdFUSB
_bspa
_cCO-MdFUSB
_dCO-MdFUSB
041 _aspa
100 1 _aZuccherino, Daniel
_eautor
245 1 0 _aLibertad cristiana
300 _aVolumen 6. Número 14 (2004), páginas 221-222
_c: 28 cm.
773 0 _tConquista Cristiana
_049446
_960363
_gVolumen 6. Número 14 (2004), páginas 221-222
_qpágina 221
942 _cANA